City reader (Record no. 29287)

000 -LEADER
fixed length control field 00595nam a22002298i 4500
001 - CONTROL NUMBER
control field 29287
003 - CONTROL NUMBER IDENTIFIER
control field BD-DhUET
008 - FIXED-LENGTH DATA ELEMENTS--GENERAL INFORMATION
fixed length control field 150302s2015 enk b 001 0 eng
020 ## - INTERNATIONAL STANDARD BOOK NUMBER
International Standard Book Number 0415119006
040 ## - CATALOGING SOURCE
Original cataloging agency DLC
Language of cataloging eng
Transcribing agency DLC
Modifying agency BD-DhUET
082 00 - DEWEY DECIMAL CLASSIFICATION NUMBER
Classification number 711.4
Item number LEG/1996
100 ## - MAIN ENTRY--PERSONAL NAME
Personal name LeGates, Richard T.
245 04 - TITLE STATEMENT
Title City reader
250 ## - EDITION STATEMENT
Edition statement 1st ed.
260 ## - PUBLICATION, DISTRIBUTION, ETC. (IMPRINT)
Place of publication, distribution, etc. London
Name of publisher, distributor, etc. Routledge
Date of publication, distribution, etc. 28 cm.
300 ## - PHYSICAL DESCRIPTION
Extent xv, 532 p.
Other physical details ill.
Dimensions 28 cm.
490 0# - SERIES STATEMENT
Series statement The Routledge urban reader series
504 ## - BIBLIOGRAPHY, ETC. NOTE
Bibliography, etc Includes bibliographies
650 #0 - SUBJECT ADDED ENTRY--TOPICAL TERM
Topical term or geographic name as entry element Urban policy
700 ## - ADDED ENTRY--PERSONAL NAME
Personal name Stout, Frederic
942 ## - ADDED ENTRY ELEMENTS (KOHA)
Koha item type Edited Book
Holdings
Not for loan Date acquired Withdrawn status Price effective from Koha item type Source of classification or shelving scheme Location (home branch) Damaged status Sublocation or collection (holding branch) Koha full call number Piece designation (barcode) Copy number Lost status Koha date last seen Koha normalized classification for sorting Shelving location
 2015-06-16 2015-06-16Reading Item Central Library, BUET Central Library, BUET711.4/LEG/1996947811 2015-06-16711_400000000000000_LEG_1996Reading section